000 00522nam a2200193 a 4500
001 1777626161738
003 YourLibrary
005 20260501143359.0
008 260501s2009##################000#0#eng##
020 _a9780691144429
082 0 4 _a390.0940902
_bBUC
100 1 _aBuc, Philippe,
_eauthor.
245 1 0 _aThe Dangers of Ritual :
260 _bPrinceton University Press,
_c2009.
300 _a287 pages
650 0 _aBiography & Autobiography.
942 _cENGLISH
040 _aYourLibrary
_beng
_cYourLibrary
999 _c621742
_d621742